书目信息 |
| 题名: |
牛虻
|
|
| 作者: | 伏尼契 著 ;张伟军 译 | |
| 分册: | ||
| 出版信息: | 伊犁 伊犁人民出版社 2000.11 |
|
| 页数: | 261页 | |
| 开本: | 21cm | |
| 丛书名: | 世界名著百部 | |
| 单 册: | ||
| 中图分类: | I561.44 | |
| 科图分类: | ||
| 主题词: | 长篇小说--英国--近代 | |
| 电子资源: | ||
| ISBN: | 7-5425-0549-1 | |
| 000 | 00702nam 2200241 450 | |
| 001 | 0120006713 | |
| 005 | 20050913101605.35 | |
| 010 | @a7-5425-0549-1@dCNY9.50 | |
| 100 | @a19990406d2000 d y0chiy0121 ea | |
| 101 | 1 | @achi@ceng |
| 102 | @aCN@b650000 | |
| 105 | @af z 000ay | |
| 200 | 10 | @a牛虻@Aniu meng@f[英]艾·丽·伏尼契著@F[ Ying ] Ai· Li· Fu Ni Qi Zhu@g张伟军译 |
| 210 | @a伊犁@c伊犁人民出版社@d2000.11 | |
| 215 | @a261页@d21cm | |
| 225 | 2 | @a世界名著百部 |
| 410 | 0 | @120010@a世界名著百部 |
| 606 | 0 | @a长篇小说@y英国@z近代 |
| 690 | @aI561.44@v4 | |
| 701 | 1 | @a伏尼契@Afu ni qi@4著 |
| 702 | 0 | @a张伟军@AZhang Wei Jun@4译 |
| 801 | 0 | @aCN@bQSSK@c20050913 |
| 905 | @a10447@dI561.44@eF648 | |
| 牛虻/[英]艾·丽·伏尼契著/张伟军译.-伊犁:伊犁人民出版社,2000.11 |
| 261页;21cm.-(世界名著百部) |
| ISBN 7-5425-0549-1:CNY9.50 |
| ● |
| 相关链接 |
|
|
|
正题名:牛虻
索取号:I561.44/F648
 
预约/预借
| 序号 | 登录号 | 条形码 | 馆藏地/架位号 | 状态 | 备注 |
| 1 | 563324 | 205633242 | 社科二线422/422社科库 30排1列2层/ [索取号:I561.44/F648] | 在馆 | |
| 2 | 563325 | 205633251 | 社科二线400B/400B社科库 29排1列4层/ [索取号:I561.44/F648] | 在馆 | |
| 3 | 563326 | 205633260 | 社科二线422/422社科库 31排1列3层/ [索取号:I561.44/F648] | 在馆 |